Sanat - "Joulupukin maa" - Statistics

Yleistilastot
  • Tätä visaa on pelattu 34 kertaa
  • Keskiarvotulos 87 / 127
Vastaustilastot
Vastaus % Oikein
Joulupukin
100%
joulupukin
100%
maa
100%
on
91%
saa
91%
nähdä
77%
se
77%
taa
77%
totta
77%
ja
73%
kun
73%
aina
68%
unta
68%
ilmielävänä
64%
in
64%
löytyy
64%
satua
64%
toki
64%
tulet
64%
tuntureiden
64%
vain
64%
valtakunta
64%
luo
59%
made
59%
täällä
59%
kaikkien
55%
kiire
55%
kirjeitä
55%
lasten
55%
lukee
55%
saapuu
55%
täältä
55%
tuoden
55%
kiireinen
50%
niissä
50%
sihteeritonttu
50%
vuoden
50%
auki
45%
päällä
45%
suunnaton
45%
suuri
45%
ympäri
45%
lahjat
41%
missä
41%
työpaja
41%
yhtä
41%
lahjoittaa
36%
mukavalla
36%
mutta
36%
aaton
32%
kärkipäässä
32%
pukki
32%
riittää
32%
tonttusaaton
32%
touhua
32%
tulee
32%
aamu
27%
maan
23%
taas
23%
tyhjenee
18%
Ehtoja vastaavia visoja ei löytynyt
Tulosjakauma
Jokaisen tuloksen saaneiden osuus
Persentiili vastausten määrän mukaan
Tuloshistoriasi
Et ole pelannut tätä visaa